| Tag |
First Indicator |
Second Indicator |
Subfields |
| LEADER |
00000cam a2200000 4500 |
| 001 |
in00000075406 |
| 005 |
20151008052636.0 |
| 008 |
731115r19671832nyu 00000 eng u |
| 010 |
|
|
|a 67023017
|
| 035 |
|
|
|a (OCoLC)00742954
|
| 035 |
|
|
|9 AAH4261AM
|
| 040 |
|
|
|c CSU
|d TXA
|d UtOrBLW
|
| 049 |
|
|
|a TXAM
|c [472627]
|
| 050 |
|
0 |
|a HG2525
|b .C6 1967
|
| 082 |
0 |
|
|a 332.1/065
|
| 092 |
|
|
|a 332.1065
|b C599, 1967
|
| 100 |
1 |
|
|a Clarke, M. St. Clair
|q (Matthew St. Clair)
|
| 245 |
1 |
0 |
|a Legislative and documentary history of the Bank of the United States :
|b including the original Bank of North America /
|c Compiled by M. St. Clair Clarke & D. A. Hall.
|
| 264 |
|
1 |
|a New York :
|b A. M. Kelley,
|c 1967.
|
| 300 |
|
|
|a 832 pages, 10 unnumbered pages ;
|c 23cm.
|
| 336 |
|
|
|a text
|b txt
|2 rdacontent
|
| 337 |
|
|
|a unmediated
|b n
|2 rdamedia
|
| 338 |
|
|
|a volume
|b nc
|2 rdacarrier
|
| 490 |
1 |
|
|a Library of money and banking history
|
| 500 |
|
|
|a Reprints of economic classics.
|
| 500 |
|
|
|a Reprint of the 1st edition, 1832.
|
| 610 |
2 |
0 |
|a Bank of North America.
|
| 610 |
2 |
0 |
|a Bank of the United States (1791-1811)
|
| 610 |
2 |
0 |
|a Bank of the United States (1816-1836)
|
| 650 |
|
0 |
|a Banks and banking
|z United States
|x History.
|
| 700 |
1 |
|
|a Hall, D. A.
|q (David A.)
|
| 830 |
|
0 |
|a Library of money and banking history.
|
| 999 |
|
|
|a MARS
|
| 999 |
f |
f |
|s ea2bccf9-12d2-33c5-b2b4-162d8cae7a28
|i 041ecb56-c039-3e64-b424-bfd0877e2585
|t 0
|
| 952 |
f |
f |
|p ric
|a Texas A&M University
|b Rellis Campus
|c Joint Library Facility
|d Remote Storage
|t 0
|e HG2525 .C6 1967
|h Library of Congress classification
|i unmediated -- volume
|m A14800729041
|
| 998 |
f |
f |
|a HG2525 .C6 1967
|t 0
|l Remote Storage
|